书目信息 |
| 题名: |
创造心理探秘
|
|
| 作者: | 张蓁 著 | |
| 分册: | ||
| 出版信息: | 合肥 安徽教育出版社 1991.2 |
|
| 页数: | 352页 | |
| 开本: | 20cm | |
| 丛书名: | ||
| 单 册: | ||
| 中图分类: | G305 | |
| 科图分类: | 37.203 | |
| 主题词: | 创造心理学 | |
| 电子资源: | ||
| ISBN: | 7-5336-0736-8 | |
| 000 | 00769nam0 2200253 45 | |
| 001 | 1561774117 | |
| 005 | 20150130170959.57 | |
| 010 | @a7-5336-0736-8@dCNY4.50 | |
| 020 | @aCN@b92012932 | |
| 100 | @a19921204d1991 em y0chiy0121 ea | |
| 101 | 0 | @achi |
| 102 | @aCN@b340000 | |
| 105 | @ay z 000yy | |
| 200 | 10 | @a创造心理探秘@Achuang zao xin li tan mi@f张 蓁著@Fzhang zhen zhu |
| 210 | @a合肥@c安徽教育出版社@d1991.2 | |
| 215 | @a352页@d20cm | |
| 330 | @a本书共分10部分,内容包括创造的动力因素、创造的人格因素、创造的生理机制、创造的环境因素、创造技法等。 | |
| 540 | 1 | @a创造 心理@Achuang zao xin li |
| 606 | @a创造心理学 | |
| 690 | @aG305 | |
| 692 | @a37.203 | |
| 701 | 0 | @a张蓁@Azhang zhen@4著 |
| 801 | 0 | @aCN@bTSSF@c20150130 |
| 905 | @aZUCC@dG305@eJY10 | |
| 创造心理探秘/张 蓁著.-合肥:安徽教育出版社,1991.2 |
| 352页;20cm |
| ISBN 7-5336-0736-8:CNY4.50 |
| 本书共分10部分,内容包括创造的动力因素、创造的人格因素、创造的生理机制、创造的环境因素、创造技法等。 |
| ● |
| 相关链接 |
|
|
|
|
正题名:创造心理探秘
索取号:G305/JY10
 
预约/预借
| 序号 | 登录号 | 条形码 | 馆藏地/架位号 | 状态 | 备注 |
| 1 | 7847077 | 278470771 | 学院路分馆/ [索取号:G305/JY10] | 在馆 |